000
00307nam a2200133 a 4500
008
090929s1988|||| d
100
1
_a
Andersen, L. E.
245
1
0
_a
Hon na bosorky
260
_b
Mladé letá
_c
1988
_a
Bratislava
020
_c
12
041
_a
slo
044
_a
xo
_c
SK
080
_a
839.8-3/087.5/
999
_c
217
_d
217